| 000 | 00986cam a2200253 a 4500 | ||
|---|---|---|---|
| 001 | 14526744 | ||
| 005 | 20070119165131.0 | ||
| 008 | 060830s2006 enk b 001 0 eng | ||
| 020 | _a9781844670864 | ||
| 040 |
_aDLC _cDLC _dDLC |
||
| 082 | 0 | 0 |
_a320.54 _222 _bAND |
| 100 | 1 |
_aAnderson, Benedict R. O'G. _q(Benedict Richard O'Gorman), _d1936- _928404 |
|
| 245 | 1 | 0 |
_aImagined communities : _breflections on the origin and spread of nationalism / _cBenedict Anderson. |
| 250 | _aRev. ed. | ||
| 260 |
_aLondon ; _aNew York ; _bVerso, _c2006. |
||
| 300 |
_axv, 240 p. ; _c25 cm. |
||
| 504 | _aIncludes bibliographical references (p. 230-233) and index. | ||
| 650 | 0 |
_aNationalism _xHistory. _928405 |
|
| 653 | _bPol | ||
| 942 |
_2ddc _cBB |
||
| 999 |
_c16341 _d16341 |
||